01081nam a2200265 a 450000500170000000800410001701500170005804000240007504100080009904400070010708200180011410000460013224501200017826001550029830000640045350400430051765000370056065000470059765000420064465000330068670000260071970000260074570000250077170000190079620191230122542.0081025s1995 ck b gr 00010 spa d ack-1995-xxxx aCO-BoBLA cCO-BoBLA aspa ack04a333.53 bM18c aMachado Cartagena, AbsalóneCoordinador00aCenso de minifundio en Colombia cAbsalón Machado Cartagena, Maritza Rodríguez R, Hernando Briceño M y otros.3 aSantafé de Bogotá : bMinisterio de Agricultura y Desarrollo Rural : bInstituto Interamericano de Cooperación para la Agricultura IICA, c1995. a163 páginas bmapas, tablas y gráficasc27.8 x 21.5 cm. aIncluye bibliografía. (página 121) 6aMinifundiosz Colombiax Censos. aTenencia de la tierraz Colombiax Censos. aUso de la tierraz Colombiax Censos. 0aCORPESzRegiones de Colombia1 aRodríguez R Maritza1 aMartínez A Germán1 aBriceño M Hernando1 aToro N Alberto